| 000 | 02981nas a22002657a 4500 | ||
|---|---|---|---|
| 999 |
_c40811 _d40811 |
||
| 005 | 20200515103318.0 | ||
| 007 | cz aa aaaaa | ||
| 008 | 200428c b||poo|||| 00| 0 eng d | ||
| 022 | _a 2455-2232 | ||
| 040 | _coclc | ||
| 082 |
_a491 _bJOU/H |
||
| 210 | _aInt. J. Hindi Res. | ||
| 245 |
_aInternational Journal of Hindi Research _he-Journal (Open Access) |
||
| 260 |
_bGupta Publications _aDelhi, India |
||
| 300 | _aPDF(online) | ||
| 310 | _aBi-Monthly | ||
| 365 | _eOpen Access | ||
| 500 | _aInternational Journal of Hindi Research is a Peer Reviewed Journal. Prime focus of the journal is to publish articles related to the Hindi studies. This journal provides platform with the aim of motivating students and personnel in Hindi Research. International Journal of Hindi Research considers review and research articles related to: Hindi Literature, Ancient Indian Sciences (In Hindi), Computation Linguistics, Culture, Epics, Grammar, History, Indian Aesthetics and Politics, Puranas, Religion, Sahitya, Veda, Vedic Studies, Buddhist Literature, Indian and Western Logical Systems, Indian Discourse Analysis, Indian Philosophy, Indian Socio-Political Thought, Indological Studies, Jain Literature, Hindu Astrology (Jyotiḥśāstra). | ||
| 546 | _aइंटरनेशनल जर्नल ऑफ़ हिन्दी रिसर्च पत्रिका का प्राइम फोकस हिंदी की पढ़ाई से संबंधित लेख प्रकाशित करने के लिए है। यह पत्रिका हिन्दी अनुसंधान में छात्रों और कर्मियों को प्रेरित करने के उद्देश्य के साथ मंच प्रदान करता है। हिन्दी साहित्यए प्राचीन भारतीय विज्ञान (हिन्दी में), संगणना भाषा विज्ञान, संस्कृति, महाकाव्य, व्याकरण, इतिहास, भारतीय सौंदर्य और राजनीति, पुराणों, धर्म, साहित्य, वेद, वैदिक अध्ययन, बौद्ध साहित्य, भारतीय और पश्चिमी तार्किक सिस्टम, भारतीय प्रवचन विश्लेषण, भारतीय दर्शन, भारतीय सामाजिक-राजनीतिक चिंतन, Indological अध्ययन, जैन साहित्य, हिंदू ज्योतिष । | ||
| 650 | 0 |
_92319 _aLanguage _vEast Indo-European & Celtic languages _xHindi |
|
| 651 | 0 |
_92254 _aIndia |
|
| 655 | 0 |
_92257 _ae-Journal |
|
| 856 | _uhttp://www.hindijournal.com/ | ||
| 942 |
_2ddc _cEJ _h491 _k491 _mJOU/H |
||